History Quiz

Random History or Century Quiz

MilitaryVesselsNamedAfterLivingAmericans Quiz Stats

Quiz not verified by Sporcle

Challenge
Share
Tweet
Embed
Score 0/25 Timer 09:00
0 Plays Today
Century % Correct
2000sGeorge H. W. Bush
83%
1700sGeorge Washington
81.1%
2000sRonald Reagan
78.3%
1700sMartha Washington
64.2%
1800sThomas Jefferson
61.3%
2000sJimmy Carter
61.3%
2000sGerald Ford
56.6%
1700sJohn Adams
54.7%
1800sJames Madison
37.7%
1700sBenjamin Franklin
35.8%
1900sJohn Stennis
19.8%
1800sMartin Van Buren
14.2%
1700sJohn Hancock
12.3%
Century % Correct
1900sCarl Vinson
12.3%
1900sHyman Rickover
6.6%
1900sArleigh Burke
6.6%
2000sJohn Warner
4.7%
1900sBob Hope
3.8%
1900sJohn Philip Holland
1.9%
2000sWayne E. Meyer
1.9%
1700sSilas Deane
0.9%
1800sHarriet Lane
0.9%
1900sJ. Fred Talbott
0.9%
1900sRichmond K. Turner
0.9%
2000sPaul Nitze
0.9%

You're not logged in!

Compare scores with friends on all Sporcle quizzes.
Sign Up with Email
OR
Log In

You Might Also Like...

Show Comments

Extras

Top Quizzes Today


Score Distribution

Your Account Isn't Verified!

In order to create a playlist on Sporcle, you need to verify the email address you used during registration. Go to your Sporcle Settings to finish the process.